000 00288nam a2200109Ia 4500
100 _aKeith/ Steven brain
942 _cBK
654 _aartificial
245 _aArtificial intelligence on the Sinclair QL:Make your micro think
260 _bSunshine Books
_aLondon
_c1984
546 _aENGLISH
999 _c29743
_d29743